كيمياء الوليمرات الاساس في صناعة المطاط ،البلاستيك،الالياف الصناعية ،الورنشيات.الصموغ.المواد العزلة والصناعات الورقية. / (رقم التسجيلة. 99023)

تفاصيل مارك
000 -LEADER
fixed length control field 00749nam a22001937a 4500
005 - DATE AND TIME OF LATEST TRANSACTION
control field 20251108173227.0
008 - FIXED-LENGTH DATA ELEMENTS--GENERAL INFORMATION
fixed length control field 250721s2005 xx 000 0 ara d
082 14 - DEWEY DECIMAL CLASSIFICATION NUMBER
Classification number 547.84/واص
100 1# - MAIN ENTRY--PERSONAL NAME
Personal name واصل، محمد مجدي عبدالله
245 10 - TITLE STATEMENT
Title كيمياء الوليمرات الاساس في صناعة المطاط ،البلاستيك،الالياف الصناعية ،الورنشيات.الصموغ.المواد العزلة والصناعات الورقية. /
264 1# - PRODUCTION, PUBLICATION, DISTRIBUTION, MANUFACTURE, AND COPYRIGHT NOTICE
Place of production, publication, distribution, manufacture عمان :
Name of producer, publisher, distributor, manufacturer دار الفجر للنشر والتوزيع،
Date of production, publication, distribution, manufacture, or copyright notice 2005.
300 ## - PHYSICAL DESCRIPTION
Extent 313ص
650 17 - SUBJECT ADDED ENTRY--TOPICAL TERM
Topical term or geographic name as entry element الكيمياء
650 17 - SUBJECT ADDED ENTRY--TOPICAL TERM
Topical term or geographic name as entry element البلمرات
650 17 - SUBJECT ADDED ENTRY--TOPICAL TERM
Topical term or geographic name as entry element المطاط
650 17 - SUBJECT ADDED ENTRY--TOPICAL TERM
Topical term or geographic name as entry element الصناعات
942 ## - ADDED ENTRY ELEMENTS (KOHA)
Source of classification or shelving scheme Dewey Decimal Classification
Koha item type كتب
المقتنيات
حالة السحب حالة الفقدان مصدر التصنيف حالة التلف غير قابل للإعارة المكتبة الرئيسية المكتبة الحالية موقع الرف تاريخ التزويد الرقم المتسلسل Total Checkouts رقم الإستدعاء الباركود تاريخ آخر ظهور تاريخ الفاتورة نوع المادة (كوها)
    Dewey Decimal Classification     المكتبة المركزية المكتبة المركزية الإعارة 26/04/2016 1625424   547.84/واص PLD00388371 28/07/2025 26/04/2016 كتب
Implemented & Customized by: BBB with SCIT (Smart Chains for Information Technology)

Powered by Koha